Загрузка...

Mammalian alkaline phosphatases : from biology to applications in medicine and biotechnology /

Библиографические подробности
Главный автор: Millán, José Luis
Формат: Printed Book
Язык:English
Опубликовано: Weinheim ; Chichester : Wiley-VCH, c2006.
Предметы:
LEADER 00925cam a2200253 a 4500
008 050504s2006 gw a b 001 0 eng
015 |a GBA588961  |2 bnb 
016 7 |a 013316289  |2 Uk 
020 |a 3527310797 
035 |a (OCoLC)ocm64307936 
035 |a (NNC)5601520 
042 |a ukblsr 
082 0 4 |a 572.7553  |2 22 
100 1 |a Millán, José Luis. 
245 1 0 |a Mammalian alkaline phosphatases :  |b from biology to applications in medicine and biotechnology /  |c José Luis Millán. 
260 |a Weinheim ;  |a Chichester :  |b Wiley-VCH,  |c c2006. 
300 |a xv, 322 p. :  |b ill. (some col.) ;  |c 25 cm. 
504 |a Includes bibliographical references and index. 
650 0 |a Alkaline phosphatase. 
942 |c BK 
900 |a AUTH 
948 1 |a 20060411  |b c  |c sds12  |d MPS 
999 |c 95936  |d 95936 
952 |0 0  |1 0  |4 0  |6 572_755300000000000_MIL_M  |7 0  |9 95822  |a UL  |b UL  |c ST1  |d 2011-11-11  |g 0.00  |l 0  |o 572.7553 MIL/M  |p 86072  |r 2012-10-28  |v 10291.00  |y BK